Score 0/10 Timer 01:00
2 Plays Today
Clue 3-Letter Word % Correct
• Obama's 2008 slogan: 'Yes We ___' •• CAN •
99.1%
Motor vehicleCAR
91.4%
Prohibit or forbidBAN
89.6%
• Sound one makes when cold •• BRR •
86.7%
Source for libationsBAR
82.8%
Make a mistakeERR
81.6%
Unit of cornEAR
80.1%
Popular '80s term for 'cool'RAD
70%
Rude manCAD
68.4%
• Supportive cheer or exclamation, often at a sporting event •• RAH •
56.9%

Today's Daily Dose

Remove Ads.
Support Sporcle.
Get the best of Sporcle when you Go Orange. This ad-free experience offers more features, more stats, and more fun while also helping to support Sporcle. Thank you for becoming a member.

You're not logged in!

Compare scores with friends on all Sporcle quizzes.
OR
Log In

Show Comments

Extras

Top Quizzes Today


Score Distribution

Your Account Isn't Verified!

In order to create a playlist on Sporcle, you need to verify the email address you used during registration. Go to your Sporcle Settings to finish the process.

Report this User

Report this user for behavior that violates our Community Guidelines.

Details: